Turbina Banki. Modelo

Uloženo v:
Podrobná bibliografie
Hlavní autor: Salazar M, Eduardo
Médium: Neznámo
Vydáno: [San José, Costa Rica] 1982
Tagy: Přidat tag
Žádné tagy, Buďte první, kdo vytvoří štítek k tomuto záznamu!

MARC

LEADER 00000 a2200000 4500
003 001984
005 20221231143747.0
008 140114s1982 c a m 000 ||s d
040 |c cru CEDI 
090 |a TFG 1166 
100 |a Salazar M, Eduardo   |9 15620 
245 |a Turbina Banki. Modelo 
260 |c 1982  |a  [San José, Costa Rica] 
300 |a 56 hojas : ilustraciones, 3 planos  
500 |a A la cabeza de la portada. Proyecto de Graduación . IM-9501. Universidad de Costa Rica. Facultad de Ingeniería. Escuela de Ingeniería Mecánica 
942 |c TFG 
999 |c 11407  |d 11407